Évènements qui se sont produits la même année (Mort Subite) - Statistiques

Statistiques générales
  • Ce quiz a été pris 161 fois
  • Le résultat moyen est 3 sur 7
Answers on the Grid
Answers color-coded by a green-red scale on the quiz's grid according to % correct below.
La reine Élisabeth II et Marilyn Monroe sont nées la même année
Les biscuits Oreo ont été inventés la même année que le naufrage du Titanic
Anne Frank et Martin Luther King Jr. sont nés la même année
Le premier film Star Wars est sorti l’année où la guillotine a été utilisée, en France, pour la dernière fois
Le premier magasin McDonald's a ouvert ses portes quelques jours avant l'arrivée des premiers Juifs déportés à Auschwitz
Lady Diana et Mère Teresa de Calcutta sont décédées la même année
Vincent Van Gogh a peint "La Nuit étoilée" la même année que l'inauguration de la Tour Eiffel
Le début de la construction du mur de Berlin et l'assassinat de John F. Kennedy ont eu lieu la même année
Louis XIV est décédé quelques mois avant la publication de "La Cigale et la Fourmi" par Jean de La Fontaine
La fondation de Rome a eu lieu l'année où les premiers Jeux Olympiques antiques ont été organisés
 
Statistiques - réponses
Réponse % Correct
Ces deux évènements se sont produits en 1926. La reine Élisabeth II et Marilyn Monroe sont nées la même année
51%
Ces deux évènements se sont produits en 1977. Le premier film Star Wars est sorti l’année où la guillotine a été utilisée, en France, pour la dernière fois
49%
Ces deux évènements se sont produits en 1940. Le premier magasin McDonald's a ouvert ses portes quelques jours avant l'arrivée des premiers Juifs déportés à Auschwitz
45%
Ces deux évènements se sont produits en 1929. Anne Frank et Martin Luther King Jr. sont nés la même année
42%
Ces deux évènements se sont produits en 1997. Lady Diana et Mère Teresa de Calcutta sont décédées la même année
42%
Ces deux évènements se sont produits en 1889. Vincent Van Gogh a peint "La Nuit étoilée" la même année que l'inauguration de la Tour Eiffel
40%
Ces deux évènements se sont produits en 1912.
Les biscuits Oreo ont été inventés la même année que le naufrage du Titanic
38%
Aucun quiz correspondant
Distribution des résultats
% des personnes avec chaque résultat
Percentile par nombre de réponses
Votre historique - résultats
Vous n’avez pas pris ce quiz